غرايب المنتخبات

محفوظ في:

المؤلف الرئيسي: محمد محمد البحيرى.

التنسيق: كتاب

اللغة: Undetermined

منشور في: Alexandria alaitihad almisrii 1891

الوسوم: إضافة وسم

لا توجد وسوم, كن أول من يضع وسما على هذه التسجيلة!

رقم الطلب: (R)P10 BIHI

LEADER 00368nam a2200121Ia 4500
008 240404s9999||||xx |||||||||||||| ||und||
050 4 |a (R)P10 BIHI 
100 1 |a محمد محمد البحيرى. 
245 1 0 |a غرايب المنتخبات  |c محمد محمد البحيرى 
264 1 |a Alexandria  |b alaitihad almisrii   |c 1891 
300 |a 200  |c 24 
942 |2 lcc  |c BK 
999 |c 58020  |d 58020